000 00626nam a2200277Ia 4500
005 20260324144144.0
008 008 260324s9999 xx 000 0 eng d
020 _a9781003070436
037 _aEBOOK
040 _aCRL
040 _beng
040 _cCRL
041 _2eng
041 _aeng
084 _qCRL
100 _aM.B Hooper
_91218296
245 0 _aLaser-Plasma Interactions 4
260 _bTaylor and Francis
260 _c1989
365 _a
365 _b420
856 _uhttp://www.taylorfrancis.com/books/9781003070436
942 _cEBOOK
999 _c1824540
_d1824540